Lieux des Jeux Méditerranéens depuis 1951 - Statistiques

Statistiques générales
  • Ce quiz a été pris 56 fois
  • Le résultat moyen est 16 sur 20
Statistiques - réponses
Année Ville / Région Pays % Correct
1955 Barcelone Espagne
100%
1975 Alger Algérie
98%
1963 Naples Italie
98%
1967 Tunis Tunisie
98%
1951 Alexandrie Egypte
96%
1959 Beyrouth Liban
96%
1983 Casablanca Maroc
96%
2001 Tunis Tunisie
96%
1993 Languedoc-Roussillon France
94%
1991 Athènes Grèce
94%
2005 Almeria Espagne
81%
1971 Izmir Turquie
77%
2022 Oran Algérie
75%
2009 Pescara Italie
75%
1997 Bari Italie
69%
2018 Tarragone Espagne
67%
2026 Tarente Italie
58%
1979 Split Yougoslavie
46%
2013 Mersin Turquie
37%
1987 Lattaquié Syrie
35%
Aucun quiz correspondant
Distribution des résultats
% des personnes avec chaque résultat
Percentile par nombre de réponses
Votre historique - résultats
Vous n’avez pas pris ce quiz